000 00925nas a2200301 4500
001 BR0205098
003 BR-BrBNA
005 20231205103310.0
007 ta
008 230509b bl.|||p| |||| 00| 00por d
040 _aBR-BrBNA
_bpor
_cBiblioteca Nacional de Agricultura
041 _a(Pt)
072 _aL01; Q70
100 1 _aCampos, A.T. de
100 1 _aFerreira, W.A.
100 1 _aPaccola, A.A.
100 1 _aLucas Júnior, J. de
100 1 _aCardoso, R.M.
100 1 _aCampos, A.T.
245 1 _aTratamento biológico aeróbio e reciclagem de dejetos de bovinos em sistema intensivo de produção de leite
650 _aPRODUÇÃO LEITEIRA
650 _aRECICLAGEM
650 _aDEJETO
650 _aTRATAMENTO
773 0 _tCiência e Agrotecnologia (Brazil)
_xISSN 1413-7054
_g(Mar-Apr 2002), v. 26(2) p. 426-438
_wBR0205098
909 _a202311
_bLúcia
_c55
_dLúcia Elande
942 _2AGRIS
_n0
_cANA
999 _c172144
_d172144